Countries of Asia - Closest Country - Statistics

General Stats
  • This quiz has been taken 95 times
  • The average score is 29 of 48
Answer Stats
COUNTRY CLOSEST COUNTRY % Correct
Azerbaijan Armenia
91%
Afghanistan Pakistan
91%
Armenia Azerbaijan
89%
Bahrain Qatar
87%
Cambodia Vietnam
84%
Georgia Armenia
80%
Bangladesh Bhutan
78%
East Timor Indonesia
78%
Brunei Malaysia
78%
China Mongolia
78%
India Nepal
78%
Bhutan Bangladesh
76%
Burma Bangladesh
76%
Indonesia Malaysia
76%
Jordan Israel
73%
Israel Jordan
73%
Japan South Korea
73%
Lebanon Israel
67%
Iraq Syria
67%
Pakistan Afghanistan
64%
Mongolia China
64%
Cyprus Lebanon
64%
North Korea South Korea
64%
Kazakhstan Uzbekistan
64%
Laos Vietnam
64%
Qatar Bahrain
62%
Nepal Bhutan
62%
Oman United Arab Emirates
62%
Maldives Sri Lanka
60%
Kyrgyzstan Tajikistan
60%
Malaysia Brunei
56%
Kuwait Bahrain
53%
Singapore Malaysia
51%
Sri Lanka Maldives
51%
Philippines Brunei
49%
Iran Kuwait
49%
South Korea North Korea
49%
Saudi Arabia Bahrain
42%
Taiwan Philippines
42%
Syria Lebanon
40%
Tajikistan Kyrgyzstan
33%
Thailand Laos
31%
United Arab Emirates Qatar
31%
Turkey Cyprus
27%
Vietnam Laos
27%
Turkmenistan Uzbekistan
24%
Yemen Djibouti
22%
Uzbekistan Turkmenistan
20%
No matching quizzes found
Score Distribution
Percent of People with Each Score
Percentile by Number Answered
Your Score History
You have not taken this quiz